| 000 | 00678nam a22002057a 4500 | ||
|---|---|---|---|
| 003 | OSt | ||
| 005 | 20251120110809.0 | ||
| 008 | 251120b |||||||| |||| 00| 0 eng d | ||
| 020 | _a0-321-00397-0 | ||
| 040 |
_aDWC-Main lib. _cOC |
||
| 082 | _aCirc. 005.133 S267p 2003 | ||
| 100 | _aSavitch, Walter J. | ||
| 245 |
_aProblem solving with C++ : _bthe object of programming/ _cWalter J. Savitch |
||
| 260 |
_aBoston : _bAddison-Wesley, _cc2003. |
||
| 300 |
_axxiv, 1000 pages : _billustrations ; _c24 cm. |
||
| 504 | _aIncludes appendix. | ||
| 650 | _a1. C (Computer program language) | ||
| 760 | _bFourth edition. | ||
| 942 |
_2ddc _cBK-CIRC _eFourth edition. _hCirc. _n0 |
||
| 999 |
_c5861 _d5861 |
||